00000000nas##2200000za#4500
0019.503366
003CaOODSP
00520250319165014
007cr |||||||||||
008150406c2006||||xxc|| p o||||f|   |0fre|d
022 |a1912-2349
040 |aCaOODSP|bfre
043 |an-cn---
0861 |aHP30-1F-PDF
1102 |aConseil consultatif national sur le troisième âge (Canada)
24510|aLes aînés au Canada : |h[ressource électronique]|bbulletin / |c[Publié par le] Conseil consultatif national sur le troisième âge.
260 |aOttawa - Ontario : |bAgence de santé publique du Canada.
310 |aIrrégulier
3621 |a2006-
500 |a«Le Bulletin 2006 du CCNTA examine la situation actuelle des aînés du Canada, poursuivant ainsi un travail de surveillance des tendances entrepris il y a quelques années. Ce travail avait donné lieu à la publication d’un premier Bulletin, en 2001. Les bulletins du CCNTA ont pour tâche de faire rapport sur le degré de bien-être des aînés canadiens grâce à une évaluation de leur état de santé, de leur accès à des soins de santé de qualité, de leur situation financière, de leurs conditions de vie et de leur participation à la société canadienne. ... Le Bulletin 2006 continue d’évaluer la situation des aînés au Canada – en se basant sur les données les plus récentes – et compare cette situation à celle de 2001 lorsqu’il est possible de le faire.»--Avant-propos (2006), p.7 de 70.
500 |aNe paraît plus après la livr. de 2006?
69107|aAîné|2gcpds
69107|aProgramme fédéral|2gcpds
77508|tSeniors in Canada : |w(CaOODSP)9.506971